Usedom and Wollin - Acculturation Processes in Early Medieval Shipbuilding at the Mouth of the Oder River
| Titel: | Usedom and Wollin - Acculturation Processes in Early Medieval Shipbuilding at the Mouth of the Oder River |
|---|---|
| Verfasser: | |
| In: |
Schutz des Kulturerbes unter Wasser, (2000), Seite 389-392 alle Artikel anzeigen |
| Veröffentlicht: | 2000 |
| Format: | Aufsatz |
| Sprache: | Englisch |
X
alg: 39215210 001A $01999:11-11-16 001B $01999:26-04-21 $t20:15:11.000 001D $01999:11-11-16 001U $0utf8 001X $00 002@ $0Aox 003@ $039215210X 007A $039215210X $aHEB 007T $0Herd35918 010@ $aeng 011@ $a2000 021A $aUsedom and Wollin - Acculturation Processes in Early Medieval Shipbuilding at the Mouth of the Oder River 028A $aIndruszewski $dGeorge 031A $h389-392 $j2000 037A $adt. Res. 391 039B $aIn $8--Aau--. Schutz des Kulturerbes unter Wasser. - Lübstorf : Archäologisches Landesmuseum Mecklenburg-Vorpommern, 2000. - 623 S.. - zahlr. Ill., graph. Darst., Kt. $x200000000000000611 $9098534580 045F $a330.0943816 $eDDC23BSB 045F/01 $a330.09 045F/03 $g43816 lok: 39215210 78 exp: 39215210 78 1 #EPN 201B/01 $019-02-19 $t22:36:10.000 201U/01 $0utf8 203@/01 $0788248200 208@/01 $a11-11-16 $be 209A/01 $a/ $f000 $x00 220C/01 $aTitelaufnehmer: cs 244Z/01 $2Trx $#Pomeranija $#Pommern $#Pomoransko $#Pomořansko $#Hinterpommern;Vorpommern;Mittelpommern $#Pomorze Środkowe;Pomorze Przednie $#Pomořansko;Západní Pomořany; Pomořany $8--Trx--Pomorze Zachodnie $x01 $9391303775 244Z/01 $#Oder $#Odra $74043112-5 $8--Tg1--Oder $x02 $9085120243 244Z/01 $aGeschichte 800-1200 $x03 244Z/01 $2Trx $#laevaehitus $#laivų gamyba $#ship-building $#hajóépítés $#budownictwo okrętowe $#lodiarstvo $#stavba lodí $#Bootsbau $#Schiffsbau $#szkutnictwo $#stavba člnov $8--Trx--Schiffbau $x04 $9391362690 244Z/01 $2Trx $#akkulturatsioon $#kultūrinė asimiliacija $#Acculturation $#akkulturáció $#akulturacja $#asimilácia kultúrna $#asimilace kulturní $8--Trx--Akkulturation $x05 $9391375148 244Z/01 $2Trx $#arheoloogia, slaavi $#slavų archeologija $#archaeology, Slavic $#régészet, szláv $#archeologia słowiańska $#archeológia slovanská $#archeologie slovanská $#Archäologie, slavische $8--Trx--Archäologie, slawische $x06 $9391383728 244Z/01 $2Trx $8--Trx--Einzelbeiträge $x07 $9391384570 245Z/01 $a09.05 $x01 247C/01 $82080>Marburg/Lahn, Herder-Institut, Forschungsbibliothek, Bibliographieportal $9336309341
| LEADER | 00000caa a22000002c 4500 | ||
|---|---|---|---|
| 001 | 39215210X | ||
| 003 | DE-603 | ||
| 005 | 20210426201511.0 | ||
| 007 | tu | ||
| 008 | 161111s2000 xx |||| | u00||u|eng c | ||
| 035 | |a (DE-599)HEB39215210X | ||
| 040 | |a DE-603 |b ger |c DE-603 |d DE-603 | ||
| 041 | |a eng | ||
| 082 | 0 | 4 | |8 1\u |a 330.0943816 |q DE-101 |2 23/BSB |
| 085 | |8 1\u |b 330.09 | ||
| 085 | |8 1\u |z 2 |s 43816 | ||
| 100 | 1 | |a Indruszewski, George | |
| 245 | 0 | 0 | |a Usedom and Wollin - Acculturation Processes in Early Medieval Shipbuilding at the Mouth of the Oder River |
| 264 | 0 | |c 2000 | |
| 500 | |a dt. Res. 391 | ||
| 773 | 0 | 8 | |i In |t Schutz des Kulturerbes unter Wasser |d Lübstorf : Archäologisches Landesmuseum Mecklenburg-Vorpommern, 2000 |h 623 S., zahlr. Ill., graph. Darst., Kt. |g (2000), Seite 389-392 |w (DE-603)098534580 |
| 924 | 0 | |9 2080 |a (DE-603)788248200 |b DE-2080 |c HES |d d |g / | |


